Dzielnice Gdyni - rozsypanka literowa - Statystyki

Ogólne statystyki
  • Ten quiz został rozwiązany 25 razy
  • Średni wynik to 18 z 21
Statystyki odpowiedzi
Rozsypanka Dzielnica % Poprawnych
rąbawod Dąbrowa
100%
ihycolna Chylonia
94%
menaknia óarg Kamienna Góra
94%
łmya ckak Mały Kack
94%
ooworł Orłowo
94%
mśeicódierś Śródmieście
94%
iotwmnoi Witomino
94%
gwózrez wś. ksayilmniaam Wzgórze św. Maksymiliana
94%
aibbe łody Babie Doły
88%
gzpoóre Pogórze
88%
łorwode Redłowo
88%
ikweil ckak Wielki Kack
88%
rohzoacnw-ilwzicon Chwarzno-Wiczlino
81%
ocsaiw Cisowa
81%
łzaidik neśel Działki Leśne
81%
wkgóareb Grabówek
81%
żboeuł Obłuże
81%
tpsuik seicwkosi-pdmetwoo Pustki Cisowskie-Demptowo
81%
yiknawr Karwiny
75%
osekyiw Oksywie
75%
nyzselzikc Leszczynki
63%
Nie znaleziono quizów pasujących do podanych kryteriów
Rozkład punktacji
Procent ludzi z każdym wynikiem
Percentyl według liczby udzielonych odpowiedzi
Twoja historia wyników
Nie rozwiązałeś tego quizu